| 000 | 01014nam a22002057a 4500 | ||
|---|---|---|---|
| 999 |
_c14215 _d14215 |
||
| 003 | AR-CdUCM | ||
| 008 | 190415b ||||| |||| 00| 0 spa d | ||
| 040 |
_aMUNICIPALIDAD PROVINCIAL DEL CUSCO _cBIBLIOTECA MUNICIPAL DEL CUSCO |
||
| 082 |
_a985.093 / _bM86 |
||
| 100 |
_aMorales Bermúdez, Francisco _930712 |
||
| 245 |
_aConsideraciones políticas y económicas del momento actual : _bexposición del presidente de la República, general de división Dn. Francisco Morales Bermúdez, 31 de marzo de 1976.Editorial:Lima : Empresa Editora Perú, 1976./ |
||
| 260 |
_aLima : _bEditora Perú, _c1976. |
||
| 300 |
_a43 paginas ; _c19 cm. |
||
| 505 | _aContenido :Momentos de las grandes descripciones -- Libre expresión a través de la prensa socializada -- Errores parciales -- Aspectos doctrinarios y político doctrinario... | ||
| 650 |
_aPolíticas _910722 |
||
| 650 |
_aConsideraciones económicas _931840 |
||
| 650 |
_aFrancisco Morales Bermudez _931841 |
||
| 942 |
_2ddc _cLIBROS |
||
| 945 |
_awnts _d2019-04-15 |
||